[Event "Let's Play Chess!"]
[Site "http://www.queenalice.com/game.php?id=910922"]
[Date "2011.3.10"]
[Round "-"]
[White "hunasses"]
[Black "microcephalec"]
[Result "1-0"]
[WhiteElo "1929"]
[BlackElo "1656"]

1. d4 Nf6 2. Nc3 e6 3. Bg5 Be7 4. e4 d6 5. e5 dxe5 6. dxe5 Nfd7 7. Bxe7 Qxe7 8.
Qg4 O-O 9. Nf3 Nc6 10. Bd3 b6 11. Qe4 Bb7 12. Qxh7# 1-0

[Event "Let's Play Chess!"]
[Site "http://www.queenalice.com/game.php?id=910923"]
[Date "2011.3.10"]
[Round "-"]
[White "microcephalec"]
[Black "hunasses"]
[Result "0-1"]
[WhiteElo "1651"]
[BlackElo "1946"]

1. e4 e5 2. f4 Bc5 3. Nf3 d6 4. Bc4 Be6 5. Bd3 Nf6 6. Nc3 a6 7. fxe5 dxe5 8.
Nxe5 Qd4 9. Rf1 Qxe5 10. Qe2 Bg4 11. Rf5 Qxh2 12. Bb5+ c6 13. Bxc6+ Nxc6 14. Qc4
Qh4+ 15. Rf2 Qxf2# 0-1

[Event "Let's Play Chess!"]
[Site "http://www.queenalice.com/game.php?id=910927"]
[Date "2011.3.10"]
[Round "-"]
[White "hunasses"]
[Black "adelio"]
[Result "1-0"]
[WhiteElo "1931"]
[BlackElo "1639"]

1. c4 g6 2. Nc3 a6 3. d4 e6 4. e4 d6 5. Be3 c6 6. e5 h6 7. Qb3 b6 8. exd6 Bxd6
9. c5 Bc7 10. Ne4 f5 11. Ng5 hxg5 12. cxb6 Bxb6 13. Nf3 f4 14. Bd2 Rh7 15. Bd3
Rg7 16. Qc2 Qf6 17. Bc3 Raa7 18. d5 Qe7 19. Bxg7 Qxg7 20. Bxg6+ Rf7 21. dxc6
Ba5+ 22. Ke2 Bc7 23. Rhd1 Kf8 24. Bxf7 Qxf7 25. Qc5+ Ne7 26. Rd7 Nxd7 27. cxd7
Bxd7 28. Qxc7 Bb5+ 29. Ke1 Qf6 30. Qc2 g4 31. Nd2 Qe5+ 32. Ne4 Nd5 33. a4 Nb4
34. Qc8+ Be8 35. f3 Kf7 36. Qb7+ Kg6 37. Qxb4 g3 38. h3 Bf7 39. Rd1 a5 40. Qb5
Qxb5 41. axb5 Be8 42. b6 Bc6 43. Nc5 Kf5 44. b7 Bxb7 45. Nxb7 a4 46. Rd8 Kf6 47.
Rd6 Kf5 48. Nc5 Ke5 49. Ne4 Kf5 50. h4 Ke5 51. h5 a3 52. bxa3 Kf5 53. h6 Kg6 54.
Rxe6+ Kh7 55. Ng5+ Kg8 56. Re8# 1-0

[Event "Farinha com açúcar"]
[Site "http://www.queenalice.com/game.php?id=914645"]
[Date "2011.3.19"]
[Round "-"]
[White "ATeixeira"]
[Black "hunasses"]
[Result "0-1"]
[WhiteElo "2096"]
[BlackElo "1914"]

1. e4 e5 2. Nc3 Bc5 3. Nf3 Nf6 4. Be2 d6 5. O-O O-O 6. d4 Bb4 7. Bg5 Bxc3 8.
bxc3 Nbd7 9. Rb1 Qe8 10. dxe5 dxe5 11. Bd3 Qe6 12. Rb2 b6 13. Qe2 Bb7 14. Nd2
Nc5 15. f3 Nfd7 16. Be3 Rad8 17. Bg5 Rc8 18. Bc4 Qd6 19. Rd1 Qg6 20. Be3 c6 21.
Nb3 Na4 22. Rxd7 Nxb2 23. Rxb7 Rcd8 24. Rxa7 Rd1+ 25. Kf2 Qh5 26. Bd2 Qxh2 27.
Be1 Rfd8 28. Bxf7+ Kf8 29. Nd2 Rc1 30. Bb3 Nd1+ 0-1

[Event "Let's Play Chess!"]
[Site "http://www.queenalice.com/game.php?id=914652"]
[Date "2011.3.19"]
[Round "-"]
[White "dnptrs"]
[Black "hunasses"]
[Result "0-1"]
[WhiteElo "2189"]
[BlackElo "1956"]

1. d4 b6 2. Nf3 Bb7 3. e3 Nf6 4. Be2 e6 5. c4 Bb4+ 6. Nbd2 O-O 7. O-O c5 8. a3
Bxd2 9. Qxd2 Qc7 10. b3 d5 11. Bb2 Nbd7 12. cxd5 Bxd5 13. Bc4 Bxc4 14. bxc4 cxd4
15. Qxd4 Rfd8 16. Qh4 Rac8 17. Rfc1 Qb7 18. Qg3 Qe4 19. Rd1 Qg6 20. Rd6 Qxg3 21.
hxg3 Ne8 22. Rd4 Ndf6 23. Rc1 Rd6 24. Kf1 h6 25. Ke2 Rdc6 26. Nd2 Nd6 27. Rd3
Nfe4 28. Be5 f6 29. Bxd6 Nxd6 30. Rdc3 a5 31. a4 Nb7 32. Nb3 Nd6 33. c5 Ne4 34.
Rd3 bxc5 35. Nxa5 Ra6 36. Nc4 Rxa4 37. Rc2 Rb8 38. Nd6 f5 39. Nxe4 fxe4 40. Rdc3
Rb1 41. Rxc5 Raa1 42. Re5 Re1+ 43. Kd2 Rad1+ 44. Kc3 Rd3+ 45. Kb2 Rd6 46. Rxe4
g5 47. Rb4 Kf7 48. g4 e5 49. Rb3 e4 50. Rb4 Re6 51. Kc3 Rf1 52. Rc4 Kg6 53. Rc5
Rf6 54. Kd4 Re6 55. Re5 Rf6 56. Kxe4 R1xf2 57. Rf5 Rxc2 0-1

[Event "Challenge"]
[Site "http://www.queenalice.com/game.php?id=916765"]
[Date "2011.3.24"]
[Round "-"]
[White "hunasses"]
[Black "ATeixeira"]
[Result "1-0"]
[WhiteElo "2017"]
[BlackElo "2073"]

1. e4 c5 2. Bc4 Nc6 3. Nf3 d6 4. h3 Nf6 5. Nc3 e6 6. Bb5 Bd7 7. O-O Be7 8. Re1
Qc7 9. d4 cxd4 10. Nxd4 O-O 11. Nxc6 bxc6 12. Bd3 Rab8 13. Qf3 e5 14. Nd1 Qa5
15. c3 Be6 16. Ne3 d5 17. Nf5 Bxf5 18. Qxf5 d4 19. b4 Qb6 20. Qxe5 Qd8 21. Qxd4
Qxd4 22. cxd4 Bxb4 23. Rd1 Bc3 24. Ba3 Bxa1 25. Bxf8 Bxd4 26. Ba3 c5 27. Rc1 Nd7
28. Rd1 Ne5 29. Be2 g5 30. Kf1 Kg7 31. g3 Rb6 32. Bc1 h6 33. f4 gxf4 34. gxf4
Ng6 35. e5 Nh4 36. Bg4 Kg6 37. Be2 Kg7 38. Bg4 Kg6 39. Re1 Nf5 40. Bd1 Kg7 41.
Bc2 Nh4 42. Re2 Rb4 43. f5 Rc4 44. f6+ Kf8 45. Bxh6+ Ke8 46. e6 1-0

[Event "Challenge"]
[Site "http://www.queenalice.com/game.php?id=917186"]
[Date "2011.3.25"]
[Round "-"]
[White "hunasses"]
[Black "vogeleduardo"]
[Result "1-0"]
[WhiteElo "2011"]
[BlackElo "1509"]

1. d4 d5 2. Nf3 Nf6 3. e3 Nc6 4. Be2 Bf5 5. O-O h6 6. a3 Qd6 7. Nc3 O-O-O 8. b4
a6 9. b5 Na5 10. bxa6 bxa6 11. Na4 Qc6 12. Nc5 e6 13. Bxa6+ Kb8 14. Rb1+ Ka8 15.
Qd2 Bxc5 16. Qxa5 Ba7 17. Ne5 Qd6 18. Bb7+ Kb8 19. Bc6+ Kc8 20. Qa6# 1-0

[Event "Challenge"]
[Site "http://www.queenalice.com/game.php?id=920325"]
[Date "2011.4.1"]
[Round "-"]
[White "Ebbe"]
[Black "hunasses"]
[Result "0-1"]
[WhiteElo "1934"]
[BlackElo "1896"]

1. e4 e5 2. Nf3 Nc6 3. Nc3 Nf6 4. d4 Bb4 5. d5 Nxe4 6. Bd2 Nxd2 7. Nxd2 Nd4 8.
a3 Bxc3 9. bxc3 Nf5 10. Bd3 Qg5 11. O-O d6 12. Bb5+ Ke7 13. Ne4 Qh4 14. Qd3 Rd8
15. Qf3 Kf8 16. g3 Qh6 17. c4 Nd4 18. Ba4 Nxf3+ 19. Kg2 Nxh2 20. f3 Nxf1 21.
Rxf1 Bh3+ 0-1

[Event "Challenge"]
[Site "http://www.queenalice.com/game.php?id=1191596"]
[Date "2013.6.16"]
[Round "-"]
[White "hunasses"]
[Black "ATeixeira"]
[Result "0-1"]
[WhiteElo "2035"]
[BlackElo "2138"]

1. b3 Nf6 2. Bb2 g6 3. e3 Bg7 4. Nf3 O-O 5. Be2 c5 6. O-O Nc6 7. d3 d6 8. Re1 a6
9. Nbd2 b5 10. c4 Bb7 11. Qc2 Rc8 12. Rac1 Qb6 13. Qb1 Rfe8 14. Rc2 h6 15. Rec1
Nb4 16. Rc3 Nd7 17. d4 Nc6 18. cxb5 axb5 19. R3c2 Nb4 20. dxc5 dxc5 21. Bxg7
Nxc2 22. Bxh6 Nb4 23. a3 Nc6 24. Bd3 Nce5 25. Qb2 Bxf3 26. Nxf3 Nxf3+ 27. gxf3
Nf6 28. h4 Red8 29. Be4 Kh7 30. Bf4 Nxe4 31. fxe4 Qf6 32. Qe2 Qxh4 33. Kg2 Kg7
34. Rh1 Qf6 35. Bh6+ Kg8 36. f4 Qc3 37. Kf3 Rd2 38. Qf1 Qd3 39. Qe1 Rd8 40. f5
Rd4 41. Qh4 Qe2+ 42. Kf4 Rxe4+ 43. Kxe4 Rd4+ 0-1

[Event "AUTO-OPEN-3014"]
[Site "http://www.queenalice.com/game.php?id=1191679"]
[Date "2013.6.16"]
[Round "1"]
[White "hunasses"]
[Black "shmurtz91"]
[Result "1-0"]
[WhiteElo "2050"]
[BlackElo "1960"]

1. b3 e5 2. Bb2 Nc6 3. Nf3 d6 4. h3 Bd7 5. e3 e4 6. Nd4 Nb4 7. a3 Nd5 8. c4 Nb6
9. Qc2 f5 10. d3 exd3 11. Bxd3 Qg5 12. Nxf5 Nf6 13. Ng3 O-O-O 14. Nd2 Be7 15.
O-O-O Kb8 16. Nf3 Qa5 17. b4 Qa4 18. Qc3 Bc6 19. Bc2 1-0

[Event "AUTO-OPEN-3014"]
[Site "http://www.queenalice.com/game.php?id=1191680"]
[Date "2013.6.16"]
[Round "1"]
[White "shmurtz91"]
[Black "hunasses"]
[Result "0-1"]
[WhiteElo "1948"]
[BlackElo "2062"]

1. d4 d6 2. e4 Nf6 3. Bd3 Bg4 4. Nf3 Nc6 5. c3 e6 6. Bg5 Be7 7. Bf4 e5 8. Be3
O-O 9. Nbd2 d5 10. h3 exd4 11. cxd4 dxe4 12. Bxe4 Nxe4 13. hxg4 Nf6 14. Qc2 g6
15. O-O-O Nxg4 16. Ne4 Nf6 17. Neg5 Qd5 18. a3 Rfe8 19. Rh4 Bf8 20. Rdh1 h6 0-1

[Event "AUTO-OPEN-3014"]
[Site "http://www.queenalice.com/game.php?id=1191681"]
[Date "2013.6.16"]
[Round "1"]
[White "hunasses"]
[Black "forever"]
[Result "1-0"]
[WhiteElo "2023"]
[BlackElo "1994"]

1. d4 c6 2. Nf3 d5 3. h3 Bf5 4. Nc3 Nf6 5. Bf4 Nbd7 6. e3 Nh5 7. Bh2 Be4 8. Nxe4
dxe4 9. Ne5 Nhf6 10. Be2 e6 11. O-O Be7 12. c4 O-O 13. a3 Nb6 14. b4 Ne8 15. Bg3
f5 16. Qc2 Nc8 17. f3 Nf6 18. Bh2 Qe8 19. fxe4 fxe4 20. Ng4 Qg6 21. Rf4 Nd6 22.
Nxf6+ Rxf6 23. c5 Rxf4 24. Bxf4 Nf5 25. Qxe4 Rf8 26. Bc4 Ng3 27. Qxg6 1-0

[Event "AUTO-OPEN-3014"]
[Site "http://www.queenalice.com/game.php?id=1191682"]
[Date "2013.6.16"]
[Round "1"]
[White "forever"]
[Black "hunasses"]
[Result "0-1"]
[WhiteElo "1947"]
[BlackElo "2038"]

1. d4 g6 2. e4 Bg7 3. Nf3 d6 4. c4 Bg4 5. Be2 Nd7 6. Nc3 c5 7. d5 Bxc3+ 8. bxc3
Qa5 9. Bd2 Ngf6 10. h3 Bxf3 11. Bxf3 Ne5 12. Be2 Nxe4 13. Qc2 f5 14. O-O Qa6 15.
Rab1 b6 16. Rb5 h5 17. Be3 Qa3 18. Rb3 Qa4 19. Bd3 Nxc4 20. Bxe4 Nxe3 21. fxe3
Qxe4 22. Qxe4 fxe4 23. Rf4 g5 24. Rxe4 Rf8 25. Re6 Rf6 26. Re4 Kd7 27. c4 e6 28.
h4 exd5 29. cxd5 Rf5 30. Rd3 b5 31. g4 hxg4 32. Rxg4 gxh4 33. Rxh4 Rg8+ 0-1

[Event "AUTO-OPEN-3014"]
[Site "http://www.queenalice.com/game.php?id=1191683"]
[Date "2013.6.16"]
[Round "1"]
[White "hunasses"]
[Black "favazza2007"]
[Result "1-0"]
[WhiteElo "2064"]
[BlackElo "1880"]

1. e4 d5 2. exd5 Nf6 3. h3 Nxd5 4. Nf3 Nc6 5. Bb5 Bd7 6. O-O a6 7. Bc4 e6 8.
Bxd5 exd5 9. d4 Be7 10. Nc3 Be6 11. Re1 O-O 12. Bf4 Bd6 13. Bg5 Be7 14. Qd2 h6
15. Bf4 Bd6 16. a3 Qf6 17. Bxd6 cxd6 18. Ne2 Rae8 19. Qc3 Rc8 20. Qb3 b5 21.
Rac1 Na5 22. Qb4 Nc4 23. b3 a5 24. Qxb5 Nxa3 25. Qxa5 Nxc2 26. Red1 Bxh3 27.
Qxd5 Be6 28. Qxd6 Bxb3 29. Qxf6 gxf6 30. Rd2 Na3 31. Rd3 Bc4 32. Rdc3 Bxe2 33.
Rxc8 Bxf3 34. Rxf8+ Kxf8 35. gxf3 Nb5 36. Rc4 Nd6 37. Rc5 Ke7 38. Rh5 f5 39.
Rxh6 Ne8 40. Kf1 Nf6 41. Ke2 Ng8 42. Ra6 Kd7 43. Ke3 Ne7 44. Kf4 Nc6 45. Rxc6
Kxc6 46. Ke5 f4 47. d5+ Kd7 48. Kxf4 Kd6 49. Kf5 Kxd5 50. f4 Kd6 51. Kf6 Kd5 52.
f3 Kd4 53. Kxf7 Ke3 54. f5 Kf4 55. f6 Kxf3 56. Ke7 1-0

[Event "AUTO-OPEN-3014"]
[Site "http://www.queenalice.com/game.php?id=1191684"]
[Date "2013.6.16"]
[Round "1"]
[White "favazza2007"]
[Black "hunasses"]
[Result "0-1"]
[WhiteElo "1916"]
[BlackElo "2054"]

1. c4 g6 2. Nc3 Bg7 3. g3 Nc6 4. Bg2 Nf6 5. Nf3 O-O 6. d3 d5 7. cxd5 Nxd5 8.
Nxd5 Qxd5 9. O-O Qh5 10. Rb1 Bh3 11. Nh4 Bxg2 12. Nxg2 e5 13. e3 Qh3 14. Qf3
Rad8 15. Ne1 Rfe8 16. Qg2 Qxg2+ 17. Nxg2 Rxd3 18. b3 Red8 19. Bb2 Rd2 20. a3 Rc2
21. Rfc1 Rdd2 22. Rxc2 Rxc2 23. Ba1 Bf8 24. b4 f6 25. Ne1 Rd2 26. Nf3 Rd3 27.
Kf1 Rxa3 28. Bb2 Rb3 29. Nd2 Rxb4 30. Ba3 Rxb1+ 31. Nxb1 Nb4 32. Bxb4 Bxb4 33.
Ke2 c5 34. Kd3 Kf7 35. f4 exf4 36. exf4 Ke6 37. Nc3 Bxc3 38. Kxc3 b5 39. g4 h5
40. h3 a5 41. Kb3 hxg4 42. hxg4 a4+ 43. Kc3 Kd5 44. Kd3 b4 0-1

[Event "AUTO-OPEN-3014"]
[Site "http://www.queenalice.com/game.php?id=1250038"]
[Date "2014.1.21"]
[Round "2"]
[White "hunasses"]
[Black "clovis"]
[Result "1-0"]
[WhiteElo "2054"]
[BlackElo "2037"]

1. d4 d5 2. Nf3 Bf5 3. e3 e6 4. Be2 Nf6 5. O-O Bd6 6. Nc3 c6 7. b3 O-O 8. Bb2
Nbd7 9. Nh4 Ng4 10. Nxf5 exf5 11. Bxg4 fxg4 12. Qxg4 f5 13. Qh3 Kh8 14. Ne2 f4
15. Nc1 fxe3 16. Qxe3 Qh4 17. g3 Qh3 18. Nd3 Rae8 19. Qd2 Nf6 20. Ne5 Ne4 21.
Qd3 Ng5 22. f3 c5 23. Rae1 cxd4 24. Bxd4 Re6 25. f4 Bxe5 26. Bxe5 Ne4 27. Qxd5
Nxg3 28. hxg3 Qxg3+ 29. Qg2 Qxg2+ 30. Kxg2 1-0

[Event "AUTO-OPEN-3014"]
[Site "http://www.queenalice.com/game.php?id=1250039"]
[Date "2014.1.21"]
[Round "2"]
[White "clovis"]
[Black "hunasses"]
[Result "1-0"]
[WhiteElo "2001"]
[BlackElo "2073"]

1. e4 c5 2. Nf3 Nc6 3. Bb5 d6 4. O-O g6 5. d4 Qb6 6. Bxc6+ Qxc6 7. Nc3 Bg7 8.
Be3 Bg4 9. dxc5 Bxc3 10. bxc3 Nf6 11. cxd6 exd6 12. Bd4 O-O 13. Bxf6 Qc5 14. Qd2
Qh5 15. Qg5 h6 16. Qxh5 gxh5 17. Rab1 b6 18. Rfd1 Rfe8 19. Rxd6 Rxe4 20. Rbd1
Ra4 21. Rd8+ Rxd8 22. Rxd8+ 1-0

[Event "AUTO-OPEN-3014"]
[Site "http://www.queenalice.com/game.php?id=1250040"]
[Date "2014.1.21"]
[Round "2"]
[White "hunasses"]
[Black "ACamargo"]
[Result "1-0"]
[WhiteElo "2081"]
[BlackElo "1976"]

1. e4 e5 2. Nf3 d6 3. h3 Nf6 4. d4 exd4 5. Nxd4 Be7 6. Bd3 Bd7 7. O-O Nc6 8. Be3
O-O 9. c3 a6 10. f4 Nxd4 11. cxd4 c5 12. d5 Rc8 13. Qf3 h6 14. Nc3 b5 15. a4 b4
16. Ne2 c4 17. Bc2 a5 18. Rfd1 Nh7 19. e5 dxe5 20. fxe5 Bc5 21. Bxc5 Rxc5 22.
Bxh7+ Kxh7 23. Qe4+ Kg8 24. e6 fxe6 25. dxe6 Qb6 26. Rxd7 Re5+ 27. Qd4 Qxe6 28.
Nf4 Re1+ 29. Rxe1 Qxe1+ 30. Kh2 Rf6 31. Rd8+ Kh7 32. Qxc4 Rxf4 33. Qxf4 1-0

[Event "AUTO-OPEN-3014"]
[Site "http://www.queenalice.com/game.php?id=1250041"]
[Date "2014.1.21"]
[Round "2"]
[White "ACamargo"]
[Black "hunasses"]
[Result "0-1"]
[WhiteElo "1976"]
[BlackElo "2069"]

1. d4 d5 2. c4 e6 3. Nc3 Nf6 4. Nf3 h6 5. c5 Be7 6. e3 O-O 7. Bd2 Nc6 8. a3 Nd7
9. Bb5 Bf6 10. Bxc6 bxc6 11. O-O e5 12. dxe5 Nxe5 13. Nxe5 Bxe5 14. f4 Bf6 15.
g4 Re8 16. h3 d4 17. exd4 Bxd4+ 18. Kh2 Bxc5 19. Be1 Ba6 20. Qxd8 Raxd8 21. Rf3
Bd4 22. Rc1 Be2 23. Nxe2 Rxe2+ 24. Kg3 Bxb2 25. Bb4 Bxc1 0-1

[Event "AUTO-OPEN-3014"]
[Site "http://www.queenalice.com/game.php?id=1258830"]
[Date "2014.2.22"]
[Round "3"]
[White "hunasses"]
[Black "ATeixeira"]
[Result "0-1"]
[WhiteElo "2093"]
[BlackElo "2145"]

1. d4 Nf6 2. h3 e6 3. Nf3 c5 4. e3 Nc6 5. Nc3 d5 6. a3 Bd6 7. dxc5 Bxc5 8. Bd3
O-O 9. O-O Bd7 10. e4 Nxe4 11. Nxe4 dxe4 12. Bxe4 Be7 13. c3 Qc7 14. Qc2 f5 15.
Bd3 e5 16. Re1 e4 17. Bc4+ Kh8 18. Ng5 Bxg5 19. Bxg5 Ne5 20. Be2 Bc6 21. Rad1 f4
0-1

[Event "AUTO-OPEN-3014"]
[Site "http://www.queenalice.com/game.php?id=1258831"]
[Date "2014.2.22"]
[Round "3"]
[White "ATeixeira"]
[Black "hunasses"]
[Result "1-0"]
[WhiteElo "2155"]
[BlackElo "2079"]

1. e4 c5 2. Nf3 Nc6 3. Bb5 Nf6 4. Qe2 e6 5. Bxc6 bxc6 6. O-O d5 7. exd5 cxd5 8.
c4 d4 9. d3 Be7 10. Nbd2 Qc7 11. b4 Nd7 12. bxc5 Bb7 13. Nxd4 Nxc5 14. N2b3 Bf6
15. Rb1 Rb8 16. Ba3 Bxd4 17. Nxd4 e5 18. Rb5 Nd7 19. Nf5 Kd8 20. Be7+ 1-0

[Event "Let's Play Chess!"]
[Site "http://www.queenalice.com/game.php?id=1396350"]
[Date "2015.11.28"]
[Round "-"]
[White "hunasses"]
[Black "EdBrazil"]
[Result "1/2-1/2"]
[WhiteElo "2066"]
[BlackElo "1545"]

1. d4 d6 2. e4 e5 3. dxe5 dxe5 4. Qxd8+ Kxd8 5. Nf3 f6 6. Bc4 Bg4 7. O-O Bxf3 8.
gxf3 Ne7 9. Nc3 c6 10. Be3 Ng6 11. Rad1+ Nd7 12. Be6 Ke8 13. Rxd7 Bb4 14. Rfd1
Nh4 15. Rxb7 Nxf3+ 16. Kh1 g5 17. Rdd7 1/2-1/2

[Event "Challenge"]
[Site "http://www.queenalice.com/game.php?id=1396410"]
[Date "2015.11.28"]
[Round "-"]
[White "hunasses"]
[Black "ATeixeira"]
[Result "1/2-1/2"]
[WhiteElo "2052"]
[BlackElo "2101"]

1. e4 c5 2. e5 Nc6 3. Nf3 Qc7 4. Qe2 d6 5. Qe3 a6 6. exd6 Qxd6 7. Bd3 Nf6 8. Nc3
Bg4 9. O-O e6 10. b3 Be7 11. Bb2 O-O 12. Ne4 Nxe4 13. Bxe4 Bh5 14. Rab1 Bg6 15.
a3 Bxe4 16. Qxe4 f5 17. Qe3 Bf6 18. Rfe1 Bxb2 19. Rxb2 Rae8 20. Qc3 e5 21. d3
Qd5 22. Rbb1 h6 23. Re3 Re6 24. Rbe1 Rfe8 25. Qb2 g5 26. h4 g4 27. Nh2 Nd4 28.
h5 Qd8 29. c3 Nc6 30. f4 Qh4 31. fxe5 Rxe5 32. Rxe5 Rxe5 33. Rxe5 Nxe5 34. Qe2
1/2-1/2